000 00795nam a22001935i 4500
001 153054
003 ES-MaACL
005 20230906205013.0
008 000209s1881 fr a f |||| | fre d
040 _aM-RACE
_bspa
_cM-RACE
_dCCPB | B
080 _a621.352
100 0 _aCazin, Achille.
_937245
245 1 0 _aTraité théorique et pratique des piles électriques
_b: mesure des constantes des piles, unités électriques, description et usage des differentes espèces de piles /
_cpar A. Cazin ; annote et publie par Alfred Angot.
260 _aParis :
_bGauthier-Villars, imprimeur-libraire,
_c1881.
300 _aVI, 311 p. :
_bil. ;
_c22 cm.
650 0 4 _aPilas eléctricas.
_915999
700 0 _aAngot, Alfred.
_921754
852 _aES-MaACL
_jB-12490(1)
_z-- Enc. hol. con otras obras
999 _c153054
_d153054